|
|
|
|
| LEADER |
00888ncm a22002412a 4500 |
| 001 |
000579130 |
| 003 |
CZ BrMZK |
| 005 |
20110111143057.0 |
| 007 |
qu |
| 008 |
010825s1944 xr f cze d |
| 040 |
|
|
|a BOA001
|b cze
|c BOA001
|
| 072 |
|
7 |
|a 784
|x Vokální hudba
|2 Konspekt
|9 9
|
| 100 |
1 |
|
|a Profes, Anton,
|d 1896-1976
|7 ola2008474646
|4 cmp
|
| 245 |
1 |
0 |
|a Jak krásným svět by se moh' stát
|h [hudebnina] :
|b píseň z filmu Bílý sen /
|c Anton Profes ; text Aldo v. Pinelli a Jan Fifka
|
| 260 |
|
|
|a Praha :
|b Hruby,
|c 1944
|
| 300 |
|
|
|a 1 sv. (nestránkován)
|
| 500 |
|
|
|a Jednohlasý zpěv
|
| 700 |
1 |
|
|a Pinelli, Aldo von,
|d 1912-1967
|7 mzk2011618960
|4 lyr
|
| 700 |
1 |
|
|a Fifka, Jan,
|d 1889-1970
|7 jx20090522015
|4 lyr
|
| 910 |
|
|
|a BOA001
|b Mus1-0587.117
|
| 990 |
|
|
|a MU
|
| 991 |
|
|
|b 200912
|
| 996 |
6 |
|
|b 2619728000
|c Mus1-0587.117
|l MZK
|r Sklad / do 1 hodiny
|n 1
|w 000579130
|u 000010
|a 1
|e BOA001
|j MZK50
|s P
|